[Event "Bahn-chGT"]
[Site "Winterberg"]
[Date "2004.09.30"]
[Round "5"]
[White "Kettler, Jens"]
[Black "Moed, Egbert"]
[Result "1/2-1/2"]
[WhiteElo "1556"]
[BlackElo "1734"]
[PlyCount "64"]
[EventDate "2004.09.26"]
[EventType "swiss"]
[EventRounds "7"]
[EventCountry "GER"]
[SourceTitle "EXT 2013"]
[Source "ChessBase"]
[SourceDate "2012.11.22"]
[SourceVersion "1"]
[SourceVersionDate "2012.11.22"]
[SourceQuality "1"]

1. e4 d6 2. d4 c6 3. Nf3 Nf6 4. Bd3 g6 5. 0-0 Bg7 6. h3 0-0 7. c3 Nbd7 8. Bg5 Re8 9. Re1 a6 10. a4 Qc7 11. Nbd2 e5 12. dxe5 dxe5 13. Be3 Nf8 14. Nc4 N6d7 15. a5 c5 16. b4 Ne6 17. Qb3 Qc6 18. Rad1 Rb8 19. Bc2 b5 20. axb6 Nxb6 21. Rd6 Qc7 22. bxc5 Nxc5 23. Bxc5 Nxc4 24. Qxc4 Bf8 25. Rd5 Be6 26. Red1 Bxd5 27. Rxd5 Re6 28. Bb3 Rc6 29. Nxe5 Rxc5 30. Rxc5 Bxc5 31. Nxf7 Bxf2+ 32. Kxf2 Qf4+ 1/2-1/2

[Event "Rail 4 countries 16th"]
[Site "Ronshausen"]
[Date "1999.06.05"]
[Round "2.4"]
[White "Just, Wolfgang"]
[Black "Moed, Egbert"]
[Result "1-0"]
[WhiteElo "2155"]
[BlackElo "1797"]
[PlyCount "70"]
[EventDate "1999.06.04"]
[EventType "team-tourn"]
[EventRounds "3"]
[EventCountry "GER"]
[SourceTitle "EXT 2003"]
[Source "ChessBase"]
[SourceDate "2002.11.25"]
[SourceVersion "1"]
[SourceVersionDate "2002.11.25"]
[SourceQuality "1"]
[WhiteTeam "Germany (Bahn)"]
[BlackTeam "Netherlands (Bahn)"]
[WhiteTeamCountry "GER"]
[BlackTeamCountry "NED"]

1. f4 d5 2. Nf3 Nf6 3. e3 c5 4. b3 e6 5. Bb2 Be7 6. Ne5 0-0 7. Bd3 Bd7 8. 0-0 a6 9. g4 Bc6 10. g5 Ne4 11. Qh5 g6 12. Qh6 Bxg5 13. fxg5 Qxg5+ 14. Qxg5 Nxg5 15. h4 Ne4 16. Bxe4 dxe4 17. Ng4 h5 18. Nf6+ Kg7 19. Nc3 Kh6 20. Ncxe4 b6 21. Ng5 Ra7 22. Be5 Rd8 23. Nxf7+ Rxf7 24. Ng8+ Rxg8 25. Rxf7 g5 26. Bxb8 Rxb8 27. Rf6+ Kg7 28. hxg5 h4 29. Raf1 h3 30. Kh2 Be4 31. d3 Bf5 32. e4 Bg4 33. Kg3 e5 34. Kxg4 h2 35. Rf7+ Kg8 1-0